[Event "BRA-ch 88th"]
[Site "Recife"]
[Date "2022.12.21"]
[Round "9"]
[White "Rocha, Vitor Firmo de Souz"]
[Black "Costa, Igor Correia De Sou"]
[Result "1-0"]
[WhiteElo "2192"]
[BlackElo "1876"]
[PlyCount "107"]
[EventDate "2022.12.15"]
[EventType "swiss"]
[EventRounds "11"]
[EventCountry "BRA"]
[SourceTitle "CBM 212 Extra"]
[Source "ChessBase"]
[SourceDate "2023.03.31"]
[SourceVersion "1"]
[SourceVersionDate "2023.03.31"]
[SourceQuality "1"]

1. e4 Nf6 2. e5 Nd5 3. d4 d6 4. c4 Nb6 5. f4 dxe5 6. fxe5 Nc6 7. Be3 Bf5 8. Nc3 e6 9. Nf3 Bb4 10. Be2 0-0 11. 0-0 Bxc3 12. bxc3 Na5 13. c5 Nbc4 14. Bg5 Qd5 15. Nh4 Bg6 16. Nxg6 fxg6 17. Bf3 Qd7 18. Qe2 Rab8 19. Rad1 c6 20. Qe4 Rf5 21. Bc1 Rbf8 22. Bg4 R5f7 23. Bh3 b6 24. cxb6 axb6 25. g3 Rxf1+ 26. Rxf1 Rxf1+ 27. Kxf1 b5 28. Ke2 Qe7 29. Qf3 Nb6 30. Bg5 Qf7 31. Bd8 Nbc4 32. Qxf7+ Kxf7 33. Bxa5 Nxa5 34. Kd3 Ke7 35. Bg4 Nc4 36. Bd1 Nb2+ 37. Ke2 Nxd1 38. Kxd1 Kd7 39. Kc2 g5 40. Kb3 Kc7 41. Kb4 Kb6 42. g4 h6 43. a3 g6 44. h3 h5 45. c4 h4 46. cxb5 cxb5 47. d5 exd5 48. e6 Kc6 49. e7 Kd7 50. Kxb5 Kxe7 51. Kc5 Ke6 52. Kd4 Kd6 53. a4 Kc6 54. a5 1-0